新乡市行政区划图-区县级(Map of Xinxiang Municipality) - Statistics

General Stats
  • This quiz has been taken 14 times
  • The average score is 9 of 12
Answers on the Map
Answers color-coded by a green-red scale on the quiz's map according to % correct below.
 
Answer Stats
区县 % Correct
辉县
100%
红旗区
100%
延津县
80%
凤泉区
80%
获嘉县
80%
卫辉市
80%
牧野区
80%
卫滨区
80%
新乡县
60%
原阳县
60%
封丘县
60%
长垣市
60%
No matching quizzes found
Score Distribution
Percent of People with Each Score
Percentile by Number Answered
Your Score History
You have not taken this quiz